Горна баня (Запис номер 189555)
[ съкратено ]
| 000 -Лидер | |
|---|---|
| Контролно поле с фиксирана дължина | 01618nam a2200349 c 4500 |
| 003 - Код на организацията, давaща контролен номер | |
| Контролно поле | BLK |
| 005 - Дата и час на последна редакция | |
| Контролно поле | 20180421000600.0 |
| 008 - Елементи от данни с фиксирана дължина | |
| fixed length control field | 180411b bul|||||r ||||||| ||bul|| |
| 010 ## - Наследен системен номер | |
| LC control number | KNG00198599000 |
| 040 ## - Източник на каталожния запис | |
| Идентификатор на билиотеката - собственик на записа | BLK |
| 041 ## - Код за език | |
| Код за езика на текст/звукозапис или на отделно заглавие | Български |
| Код за езика КДБФ | Български |
| 080 ## - УДК | |
| Текстов определител УДК | Хидротерапия (водотерапия). Балнеолечение. Курортотерапия - Лечение с бани, горещи бани, сауна, хладни бани, речно къпане, влажни фрикции, компреси, с "жива вода"(алкално активирана, с ph 9, 6;курорт |
| УДК код - определител по УДК | 615.838 |
| УДК определител | |
| УДК - код + определител | 615.838 |
| 100 1# - Редна дума - Автор | |
| Автор | Челебиев, Арон |
| Авторска отговорност | първи автор |
| R(LIN) | 287897 |
| 139 ## - Редно поле | |
| Редна дума | Челебиев, Арон |
| Авторски знак | Чел - Ч 52 |
| 245 10 - Сведения за заглавието | |
| Заглавие | Горна баня |
| Редно поле (дума) | Арон Челебиев; * Арон Челебиев Аронов. |
| 257 ## - Страна на издаване | |
| Страна на създаване/издаване | България |
| 260 ## - Област на издателските данни | |
| -- | София |
| Име на издателя, разпространителя и проч. | Медицина и физкултура |
| Година на издаване | 1963 |
| 300 ## - Физическа характеристика | |
| Страници | 64 с. |
| Илюстрации и др. | с ил. |
| Размери/Мащаб | 16 см |
| 380 ## - Жанр | |
| Жанр | Медицина |
| 490 1# - СЕРИИ (Колекции) | |
| Име на серия | Наши курорти |
| 500 ## - Общи забележки | |
| Забележка | Пълното име на авт. е Арон Члебиев Аронов. - 1. изд. 1963. - 10 101 тир. |
| 650 #4 - Допълнително описание по предмет – тема | |
| Основно описание – тема или топоним | Курорти, български - пътеводители |
| 9 (RLIN) | 287899 |
| 650 #4 - Допълнително описание по предмет – тема | |
| Основно описание – тема или топоним | Балнеология - България |
| 9 (RLIN) | 266417 |
| 651 #4 - Допълнително описание по предмет - топоним | |
| Географско понятие | Горна баня |
| 9 (RLIN) | 287900 |
| 653 ## - Ключова дума – ненормативна | |
| Ключова дума | балнеолечение |
| 700 1# - Други автори (авторска отговорност) | |
| Лично име | Аронов, Арон Челебиев |
| Автороска отговорност (Описва отношението между автора и произведението) | * |
| 9 (RLIN) | 287898 |
| 852 ## - Местоположение | |
| Форматна сигнатура | Цб І 5839 |
| 856 4# - Електронен адрес и достъп | |
| Електронен формат | pdf - файл |
| Път до файла /url/ | |
| 856 4# - Електронен адрес и достъп | |
| Електронен формат | pdf - файл |
| Път до файла /url/ | |
| 942 ## - АРТИКУЛИ | |
| Вид на библиотечния материал | Книги |
| Скрит в OPAC | Не |
| 944 ## - СЪЗДАВАНЕ И РЕДАКЦИЯ на ЗАПИСА | |
| Създаване/Редакция | Създаване |
| Дата на регистрацията/редакция | 19.12.2016 |
| Служител, извършил регистрацията/редакцията | Кети_Илиева |
| 944 ## - СЪЗДАВАНЕ И РЕДАКЦИЯ на ЗАПИСА | |
| Създаване/Редакция | Редакция |
| Дата на регистрацията/редакция | 19.12.2016 |
| Служител, извършил регистрацията/редакцията | Кети_Илиева |
| 999 ## - СИСТЕМНИ КОНТРОЛНИ НОМЕРА | |
| Koha biblionumber | 189555 |
| Koha biblioitemnumber | 189555 |
| Код за отписване | Код за изгубен артикул | Източник на класификационната схема | Код за повреда | Коз за рестрикции | Код за отдаване | Артикулен № | Име на библиотеката - собственик | Име на библиотеката, в която се намира в момента | Статус (Текущо местоположение) | Дата на вписване в системата | Местоположение - отдел | Цена в лева | Инвентарен номер | Систематично азбучна сигнатура | Баркод | Номер на екземпляра | Цена в евро | Служебна бележка | Служебен тип на артикула |
|---|---|---|---|---|---|---|---|---|---|---|---|---|---|---|---|---|---|---|---|
| Не е изгубен | Universal Decimal Classification | Не е повреден | без рестрикции | ползва се в читалня | 333554 | Регионална библиотека "Любен Каравелов" Русе | Регионална библиотека "Любен Каравелов" Русе | Хранилище | 1963-01-01 | Хранилище | 0.11 | 2595/63 | Цб І 5839 | 900000027708 | 1 | 0.06 | Вид: Сф Дата: 01.01.1963 | Книги | |
| Изтеглен | Не е изгубен | Universal Decimal Classification | Не е повреден | без рестрикции | заемане за дома | 333555 | Регионална библиотека "Любен Каравелов" Русе | Регионална библиотека "Любен Каравелов" Русе | Заемна - подръчен фонд | 1963-01-01 | Заемна - подръчен фонд | 0.00 | 2835/63 | П 615.83/Ч 52 | 2835/63 | 2 | 0.00 | Вид: Сф Дата: 01.01.1963 | Книги |